[Event "Montreal Pere Noel"]
[Site "Montreal"]
[Date "1983.12.29"]
[Round "4"]
[White "Gagnon, Fabien"]
[Black "Bourgeois, Michel"]
[Result "1/2-1/2"]
[WhiteElo "1556"]
[BlackElo "1600"]
[PlyCount "72"]
[EventDate "1983.12.26"]
[EventType "swiss"]
[EventRounds "8"]
[EventCountry "CAN"]
[SourceTitle "EXT 2022"]
[Source "ChessBase"]
[SourceDate "2021.10.06"]
[SourceVersion "1"]
[SourceVersionDate "2021.10.06"]
[SourceQuality "1"]

1. e4 e5 2. Nf3 Nc6 3. Bb5 a6 4. Ba4 Nf6 5. 0-0 b5 6. Bb3 Be7 7. Re1 0-0 8. c3 Na5 9. Nxe5 Nxb3 10. axb3 Bb7 11. d3 Re8 12. Nd2 d5 13. exd5 Qxd5 14. Qf3 Rad8 15. Qxd5 Rxd5 16. b4 Bd6 17. d4 Bxe5 18. dxe5 Rdxe5 19. Rxe5 Rxe5 20. Nf3 Bxf3 21. gxf3 Re1+ 22. Kg2 Kf8 23. b3 Nd5 24. Bb2 Rxa1 25. Bxa1 Nf4+ 26. Kf1 Nd3 27. Ke2 Ne5 28. Ke3 f6 29. Ke4 Ke7 30. c4 bxc4 31. Bxe5 fxe5 32. bxc4 Ke6 33. f4 exf4 34. Kxf4 h6 35. h4 g6 36. Ke4 Kd6 1/2-1/2